Biocalculus : (Record no. 23330)
[ view plain ]
| 000 -LEADER | |
|---|---|
| fixed length control field | 02385cam a22003855i 4500 |
| 001 - CONTROL NUMBER | |
| control field | 18217961 |
| 003 - CONTROL NUMBER IDENTIFIER | |
| control field | EG-ScBUE |
| 005 - DATE AND TIME OF LATEST TRANSACTION | |
| control field | 20260309093039.0 |
| 008 - FIXED-LENGTH DATA ELEMENTS--GENERAL INFORMATION | |
| fixed length control field | 140709t2015 maua f b 001 0 eng d |
| 020 ## - INTERNATIONAL STANDARD BOOK NUMBER | |
| International Standard Book Number | 1133109632 |
| 020 ## - INTERNATIONAL STANDARD BOOK NUMBER | |
| International Standard Book Number | 9781133109631 |
| 035 ## - SYSTEM CONTROL NUMBER | |
| System control number | (OCoLC)ocn890831674 |
| 040 ## - CATALOGING SOURCE | |
| Original cataloging agency | EG-ScBUE |
| Language of cataloging | eng |
| Description conventions | rda |
| Transcribing agency | EG-ScBUE |
| Modifying agency | EG-ScBUE |
| 082 04 - DEWEY DECIMAL CLASSIFICATION NUMBER | |
| Classification number | 570.1515 |
| Item number | STE |
| Edition number | 22 |
| 100 1# - MAIN ENTRY--PERSONAL NAME | |
| Personal name | Stewart, James, |
| Dates associated with a name | 1941- |
| Relator term | author. |
| 245 10 - TITLE STATEMENT | |
| Title | Biocalculus : |
| Remainder of title | calculus for the life sciences / |
| Statement of responsibility, etc | James Stewart, McMaster University and University of Toronto, Troy Day, Queen's University. |
| 264 #1 - PUBLICATION, DISTRIBUTION, ETC. (IMPRINT) | |
| Place of publication, distribution, etc | Boston, MA : |
| Name of publisher, distributor, etc | Cengage Learning, |
| Date of publication, distribution, etc | [2015] |
| 264 #4 - PUBLICATION, DISTRIBUTION, ETC. (IMPRINT) | |
| Date of publication, distribution, etc | c2015 |
| 300 ## - PHYSICAL DESCRIPTION | |
| Extent | xlvii, 802 pages : |
| Other physical details | illustrations (some color) ; |
| Dimensions | 26 cm |
| 336 ## - CONTENT TYPE | |
| Source | rdacontent |
| Content type term | text |
| Content type code | txt |
| 337 ## - MEDIA TYPE | |
| Media type term | unmediated |
| Source | rdamedia |
| Media type code | n |
| 338 ## - CARRIER TYPE | |
| Carrier type term | volume |
| Carrier type code | nc |
| Source | rdacarrier |
| 504 ## - BIBLIOGRAPHY, ETC. NOTE | |
| Bibliography, etc | Includes bibliographical references and index. |
| 505 0# - FORMATTED CONTENTS NOTE | |
| Formatted contents note | Functions and sequences -- Limits -- Derivatives -- Applications of derivatives -- Integrals -- Applications and integrals -- Differential equations -- Vectors and matrix models -- Multivariable calculus -- Systems of linear differential equations -- Descriptive statistitics -- Probability -- Inferential statistics. |
| 520 ## - SUMMARY, ETC. | |
| Summary, etc | The chief goal in Biocalculus: calculus for the life sciences is to show students how calculus relates to biology ... Although the focus is on the interface between mathematics and the life sciences, the logical structure of the book is motivated by the mathematical material. Students will come away with a sound knowledge of mathematics and an understanding of the importance of mathematical arguments. Equally important, they will also come away with a clear understanding of how these mathematical concepts and techniques are central in the life sciences.-- |
| 650 #7 - SUBJECT ADDED ENTRY--TOPICAL TERM | |
| Topical term or geographic name as entry element | Life sciences |
| General subdivision | Mathematics. |
| Source of heading or term | BUEsh |
| 650 #7 - SUBJECT ADDED ENTRY--TOPICAL TERM | |
| Topical term or geographic name as entry element | Calculus |
| General subdivision | Study and teaching (Higher) |
| Source of heading or term | BUEsh |
| 653 ## - INDEX TERM--UNCONTROLLED | |
| Resource For college | Engineering, General |
| Arrived date list | November2016 |
| 655 ## - INDEX TERM--GENRE/FORM | |
| Form subdivision | Reading book |
| 9 (RLIN) | 34232 |
| 700 1# - ADDED ENTRY--PERSONAL NAME | |
| Personal name | Day, Troy, |
| Dates associated with a name | 1968- |
| Relator term | author. |
| 856 42 - ELECTRONIC LOCATION AND ACCESS | |
| Materials specified | Contributor biographical information |
| Uniform Resource Identifier | <a href="http://www.loc.gov/catdir/enhancements/fy1608/2014945476-b.html">http://www.loc.gov/catdir/enhancements/fy1608/2014945476-b.html</a> |
| 856 42 - ELECTRONIC LOCATION AND ACCESS | |
| Materials specified | Publisher description |
| Uniform Resource Identifier | <a href="http://www.loc.gov/catdir/enhancements/fy1608/2014945476-d.html">http://www.loc.gov/catdir/enhancements/fy1608/2014945476-d.html</a> |
| 856 41 - ELECTRONIC LOCATION AND ACCESS | |
| Materials specified | Table of contents only |
| Uniform Resource Identifier | <a href="http://www.loc.gov/catdir/enhancements/fy1608/2014945476-t.html">http://www.loc.gov/catdir/enhancements/fy1608/2014945476-t.html</a> |
| 942 ## - ADDED ENTRY ELEMENTS (KOHA) | |
| Source of classification or shelving scheme | Dewey Decimal Classification |
| Koha item type | Book - Borrowing |
| Withdrawn status | Lost status | Source of classification or shelving scheme | Damaged status | Not for loan | Collection code | Home library | Current library | Shelving location | Date acquired | Source of acquisition | Cost, normal purchase price | Total Checkouts | Full call number | Barcode | Date last seen | Koha item type | Total Renewals | Date checked out |
|---|---|---|---|---|---|---|---|---|---|---|---|---|---|---|---|---|---|---|
| Dewey Decimal Classification | Baccah | Central Library | Central Library | First floor | 26/11/2016 | Purchase | 1440.00 | 570.1515 STE | 000040041 | 15/07/2025 | Book - Borrowing | |||||||
| Dewey Decimal Classification | Baccah | Central Library | Central Library | First floor | 26/11/2016 | Purchase | 2 | 570.1515 STE | 000040042 | 15/07/2025 | Book - Borrowing | 7 | 12/11/2017 | |||||
| Dewey Decimal Classification | Baccah | Central Library | Central Library | First floor | 26/11/2016 | Purchase | 570.1515 STE | 000040043 | 15/07/2025 | Book - Borrowing |